000
00278nam a22001217a 4500
020
_a
0-412-15340-8
082
_a
513.52 COX'A
100
_a
COX, D. R
_9
75235
245
_a
THE ANALYSIS OF BINARY DATA
260
_a
LONDON
_b
CHAPMAN & HALL
_c
1970
300
_a
192P
942
_c
BK
999
_c
580695
_d
580695